000 00457nmm a2200157Ia 4500
008 251105s9999||||xx |||||||||||||||||und||
041 _aspa
100 _aMartínez, Carlos M.
245 0 _aLa sabiduría de Sun Tzu
264 _a[Madrid, España] :
_bEditorial Popular,
_c2018
300 _a111 páginas
490 _aCLASICOS ILUSTRADOS
650 _aGraphic novels (Comics)
856 _uhttps://public.digitaliapublishing.com/a/155621
942 _cCF
999 _c98728
_d98728